000 00453cam a22001217a 4500
008 180718b-- xxu||||| |||| 00| 0 eng d
082 _aL906x5411 C/F
245 _aReport of the Comptroller and Auditor General of India on state finances, Assam
260 _aGuwahati
_bComptroller and Auditor General of India
_c--
500 _aLibrary has 2009/10-2010/11
650 _aAuditing - India - Assam
700 _aAssam. Comptroller and Auditor General of India
999 _c484267
_d484267